| 000 | 00344cam a22001217a 4500 | ||
|---|---|---|---|
| 008 | 180718b1972 xxu||||| |||| 00| 0 eng d | ||
| 082 | _aR71x54 Ag15 | ||
| 100 | _aAgarwal, R. D. | ||
| 245 |
_aDynamics of labour relations in India _cby R.D. Agarwal |
||
| 260 |
_aBombay _bMcGraw-Hill _c1972 |
||
| 300 | _a296p. | ||
| 650 | _aLabour Relations - India | ||
| 999 |
_c340667 _d340667 |
||